Tehran City Trivia - Statistics

General Stats
  • This quiz has been taken 6 times
  • The average score is 8 of 20
Answer Stats
Clue Answer % Correct
Material used to build the exterior of the above Marble
100%
Mohammad Reza Pahlavi, who commissioned that monument's construction, was also the final ____ of Iran Shah
100%
Monument built in honor of the 2,500th anniversary of the Persian Empire {Azadi} Tower
75%
Tallest structure in Iran, also known as the Tehran Tower {Milad} Tower
75%
Opened in 2018, Tehran has the largest ________ ____ in the world, with 1.95 million square meters of leasable area Shopping Mall
50%
Tehran is situated at the foot of this mountain range Alborz
25%
Ben Affleck movie about the rescuing of six American hostages in Tehran after the Iranian Revolution Argo
25%
Religious title designated to former supreme leader Ali Khamenei Ayatollah
25%
Those hostages were hidden in the home of this country's ambassador to Iran Canada
25%
Nearest major body of water Caspian Sea
25%
Royal residence of the Qajar dynasty {Golestan} Palace
25%
Historical marketplace in Tehran with over 10 kilometers of corridors Grand {Bazaar}
25%
Iranian-Canadian architect who designed that monument Hossein {Amanat}
25%
International airport that opened in 2005 Imam Khomeini
25%
Country that killed Ali Khamenei in an airstrike on February 28, 2026 Israel
25%
Second-largest city in Greater Tehran Karaj
25%
Busiest airport serving Tehran, used mainly for domestic flights Mehrabad
25%
Resource that was the main driver of Tehran's growth in the early 1900s Oil
25%
Religion followed (at least nominally) by the majority of Tehran's population Shia Islam
25%
Country that supported the above in that assassination United States
25%
No matching quizzes found
Score Distribution
Percent of People with Each Score
Percentile by Number Answered
Your Score History
You have not taken this quiz